ბათუმის შოთა რუსთაველის სახელმწიფო უნივერსიტეტის ბიბლიოთეკა

Карманный справочник: энергетика-строителя. (ბიბ.ჩანაწერი № 42563)

000 -LEADER
fixed length control field 00648nam a2200217Ia 4500
001 - CONTROL NUMBER
control field 9262
003 - CONTROL NUMBER IDENTIFIER
control field GE_BSU
008 - FIXED-LENGTH DATA ELEMENTS--GENERAL INFORMATION
fixed length control field 181216s||||||||xx |||||||||||||| ||und||
040 ## - CATALOGING SOURCE
Transcribing agency GE_BSU
080 ## - UNIVERSAL DECIMAL CLASSIFICATION NUMBER
Universal Decimal Classification number 620.9+69(035.5)
100 ## - MAIN ENTRY--PERSONAL NAME
Personal name Ливинец,Н.П.
245 ## - TITLE STATEMENT
Title Карманный справочник: энергетика-строителя.
245 ## - TITLE STATEMENT
Statement of responsibility, etc. Ред. П.В.Смишенко,худ. ред. Я.М.Яковенко.
260 ## - PUBLICATION, DISTRIBUTION, ETC.
Place of publication, distribution, etc. Киев.
260 ## - PUBLICATION, DISTRIBUTION, ETC.
Name of publisher, distributor, etc. Будивельник.
260 ## - PUBLICATION, DISTRIBUTION, ETC.
Date of publication, distribution, etc. 1973.
300 ## - PHYSICAL DESCRIPTION
Extent 247 стр. 17см.
300 ## - PHYSICAL DESCRIPTION
Accompanying material табл.
653 ## - INDEX TERM--UNCONTROLLED
Uncontrolled term Карманный справочник.
942 ## - ADDED ENTRY ELEMENTS (KOHA)
Koha item type წიგნი
ეგზემპლარები
Withdrawn status Lost status Damaged status Not for loan Date acquired Barcode Date last seen Price effective from Koha item type
        2018-12-17 10011 2018-12-17 2018-12-17 წიგნი